000 00664ntaaa2200241 4500
003 01
005 20251027200702.0
008 0714s1973 ag 01
040 _aAR-BaBN
_bspa
_cAR-BaBN
_eaacr
_dRIC
082 _a136.1 F889
100 _aFreud, Sigmund
_9337
245 _aUna Teoría sexual y otros ensayos /
_cSigmund Freud
250 _a1 ed.
260 _aBuenos Aires :
_bAmericana,
_c1943
300 _as/p
500 _aINVENTARIO 003363 BAJA PATRIMONIAL 20180305
650 _aPsicologia Pastoral
650 _aPsicologia sexual
650 _aPsicoanalisis
_92743
650 _aSueños
650 _aFisiologia e higiene mental
_93028
942 _cBK
999 _c1368
_d1368